Utilización de colas distribuidas como técnica de acceso al medio en sistemas móviles de comunicaciones
Presenta un análisis de técnicas utilizadas para garantizar un óptimo acceso al medio de comunicación en sistemas de comunicación móviles, basado en 802.11.
| Main Authors: | , |
|---|---|
| Other Authors: | |
| Format: | Tesis Section = Libro |
| Language: | Undetermined Spanish |
| Published: |
Managua
UNI
2012
|
| Subjects: |
| LEADER | 01003nam a2200253Ia 4500 | ||
|---|---|---|---|
| 008 | 240830s9999 xx 000 0 und d | ||
| 040 | |a BIBLIOTECA-RUSB/ Mon 621.382 L296 | ||
| 041 | |a spa | ||
| 082 | |a Mon 621.382 L296 | ||
| 100 | 1 | |a Lanuza Arroliga, Bernardo Javier | |
| 100 | 1 | |b Mendoza Mendoza, Carlos José | |
| 245 | 1 | 0 | |a Utilización de colas distribuidas como técnica de acceso al medio en sistemas móviles de comunicaciones |
| 260 | |a Managua |b UNI |c 2012 | ||
| 300 | |a 37 p. :il. | ||
| 500 | |a Contiene: anexos. | ||
| 502 | |a Tesis (Ingeniero Electrónico) - UNI, 2012. | ||
| 520 | 3 | |a Presenta un análisis de técnicas utilizadas para garantizar un óptimo acceso al medio de comunicación en sistemas de comunicación móviles, basado en 802.11. | |
| 650 | 7 | |a REDES DE COMUNICACIÓN INALAMBRICA | |
| 650 | 7 | |b SOFTWARE MATLAB | |
| 650 | 7 | |c COMUNICACIONES MOVILES | |
| 700 | 1 | |a Tutor: |b Dalla-Torre Parrales, Cedrick Elksnher | |
| 942 | |c BK |2 ddc | ||
| 991 | |a TESIS | ||
| 999 | |c 20270 | ||